00810na a2200277 450000100060000000300080000600500170001400800410003102000150007203500100008704000250009704100080012208200170013009000210014710000220016824500640019026000400025430000250029450400310031960000170035065000180036765000180038594200130040395201030041699900130051913020MIRAKIL20181213154740.0160804b tu 000 0  a1579213340 a13020 aMilasbturcTR-AnCHP aeng a297.63bD32l a297.63 D32l 2001 aDede Korkut M. D. aLife Alertbthe medical case of MuhammedcDede Korkut M. D. aAmerikabWinepress Puplishingc2001 aX, 213 sbresc20 sm aBibliyografya ve dizin var aHz. Muhammed aİslam dini  aİnsan beyni 2ddccBKS a0001b0001d2016-08-04e2l0o297.63 D32l 2001p000268r2016-08-04 00:00:00v0.00w2016-08-04yBKS c237d237